00378nam a2200157Ia 45000010006000000050017000060080041000230410008000640820024000721000032000962450041001282600009001693000028001786500006002066540008002122283920260414150857.0260414t2009||||xx |||||||||||||| ||spa|| aESP a624.151bL87 Nº 12 aLópez Jimeno, CarloseAUT 0aIngeniería del terreno :bingeoter c2009 a436 páginas :c25 cm. a0 aCIC